El poder y el imperio: la tecnología y el imperialismo de 1400 a la actualidad
Salvato in:
| Autore principale: | |
|---|---|
| Natura: | Libro |
| Lingua: | spagnolo |
| Pubblicazione: |
Barcelona
Crítica
2011
|
| Edizione: | 1a. ed |
| Serie: | Mayor
|
| Soggetti: | |
| Tags: |
Aggiungi Tag
Nessun Tag, puoi essere il primo ad aggiungerne!!
|
MARC
| LEADER | 00000cam a2200000 a 4500 | ||
|---|---|---|---|
| 001 | UCG7744 | ||
| 003 | CL-VaPUC | ||
| 008 | 110905e20110300SP |||||||||||||||||spa|d | ||
| 020 | |a 9788498921823 | ||
| 082 | 0 | 4 | |a 325.3209 |b HEA |2 21 |
| 100 | 0 | |a Headrick, Daniel R |e author |9 558267 | |
| 245 | 1 | 3 | |a El poder y el imperio: la tecnología y el imperialismo de 1400 a la actualidad |
| 250 | |a 1a. ed | ||
| 300 | |a 456 p | ||
| 942 | |c BK | ||
| 945 | |d 20110905 00:00:00 |a dcastane | ||
| 260 | |a Barcelona |b Crítica |c 2011 | ||
| 650 | 0 | |a Imperialismo |9 258264 | |
| 650 | 0 | |a Poder político |9 255509 | |
| 650 | 0 | |a Tecnología |9 256742 | |
| 650 | 7 | |a PODER MILITAR |2 CL-VaPUC |9 397577 | |
| 583 | |a last modification |c 20111004 02:56:45 |k Rodrigo Vera | ||
| 490 | 0 | |a Mayor | |
| 999 | |c 345514 |d 345512 | ||
| 952 | |0 0 |1 0 |4 0 |6 325_320900000000000_HEA_2011 |7 0 |8 A |9 444305 |a BIBHIS |b BIBHIS |d 2019-11-22 |i 4790596 |o 325.3209 HEA 2011 |p 4790596 |r 2025-01-20 |w 2019-11-22 |y BK |k HIS | ||
| 952 | |0 0 |1 0 |3 erd |4 0 |6 325_320900000000000_HEA_2011 |7 0 |8 A |9 444306 |a BIBHIS |b BIBHIS |i 5116422 |o 325.3209 HEA 2011 |p 5116422 |r 2025-01-20 |w 2019-11-22 |y BK |z Catalogado en:20140925 |k HIS | ||